[Event "GRE-chT 50th"]
[Site "Nikaia"]
[Date "2023.08.27"]
[Round "4.8"]
[White "Kotsinis, Alexandros"]
[Black "Christodoulou, Panormitis"]
[Result "1/2-1/2"]
[WhiteElo "2122"]
[BlackElo "1953"]
[PlyCount "67"]
[EventDate "2023.08.25"]
[EventType "team"]
[EventRounds "9"]
[EventCountry "GRE"]
[SourceTitle "EXT 2024"]
[Source "ChessBase"]
[SourceDate "2023.10.10"]
[SourceVersion "1"]
[SourceVersionDate "2023.10.10"]
[SourceQuality "1"]
[WhiteTeam "Irakleiou"]
[BlackTeam "Patron"]
[WhiteTeamCountry "GRE"]
[BlackTeamCountry "GRE"]

1. d4 Nf6 2. c4 e6 3. Nf3 Bb4+ 4. Nbd2 b6 5. a3 Bxd2+ 6. Bxd2 Bb7 7. Bg5 d6 8. e3 Nbd7 9. Bh4 h6 10. Bd3 g5 11. Bg3 Ne4 12. h3 Nxg3 13. fxg3 Qe7 14. e4 f5 15. Qe2 e5 16. d5 f4 17. g4 Qg7 18. 0-0-0 Ke7 19. b4 a5 20. Kb2 Ra7 21. h4 Raa8 22. Rh3 axb4 23. axb4 Nf6 24. hxg5 hxg5 25. Rxh8 Rxh8 26. Ra1 Nxg4 27. Ra7 Rb8 28. Nd4 Ne3 29. Ne6 Qh8 30. Nxc7 Kf6 31. Nb5 Ke7 32. Nc7 Kf6 33. Nb5 Ke7 34. Nc7 1/2-1/2

[Event "GRE-ch Schools Lykeia"]
[Site "Athen"]
[Date "2022.06.13"]
[Round "7"]
[White "Christodoulou, Panormitis"]
[Black "Arzoumanidis, Alexandros"]
[Result "1-0"]
[WhiteElo "1897"]
[BlackElo "1308"]
[PlyCount "49"]
[EventDate "2022.06.12"]
[EventType "swiss"]
[EventRounds "9"]
[EventCountry "GRE"]
[SourceTitle "EXT 2023"]
[Source "ChessBase"]
[SourceDate "2022.10.05"]
[SourceVersion "1"]
[SourceVersionDate "2022.10.05"]
[SourceQuality "1"]

1. e4 e6 2. d4 c5 3. Nf3 cxd4 4. Nxd4 Nc6 5. Nc3 Bc5 6. Nb3 Bb6 7. Bd3 Nge7 8. 0-0 d5 9. exd5 Nxd5 10. Ne4 Bc7 11. Bg5 Nde7 12. Qh5 Qd5 13. Nc3 Qd6 14. Rad1 Bd7 15. Nb5 Qe5 16. Rfe1 Qxh2+ 17. Qxh2 Bxh2+ 18. Kxh2 0-0-0 19. Nd6+ Kc7 20. Nxf7 Rdf8 21. Nxh8 Rxh8 22. Nc5 h6 23. Bxe7 Nxe7 24. Nxd7 Kxd7 25. Bb5+ 1-0

[Event "GRE-ch Schools Lykeia"]
[Site "Athen"]
[Date "2022.06.12"]
[Round "3"]
[White "Christodoulou, Panormitis"]
[Black "Tsaousis, Thomas"]
[Result "1-0"]
[WhiteElo "1897"]
[BlackElo "1265"]
[PlyCount "91"]
[EventDate "2022.06.12"]
[EventType "swiss"]
[EventRounds "9"]
[EventCountry "GRE"]
[SourceTitle "EXT 2023"]
[Source "ChessBase"]
[SourceDate "2022.10.05"]
[SourceVersion "1"]
[SourceVersionDate "2022.10.05"]
[SourceQuality "1"]

1. e4 c5 2. Nf3 d6 3. Bb5+ Nd7 4. 0-0 a6 5. Bd3 Ngf6 6. c3 b5 7. Bc2 Bb7 8. Qe2 e6 9. d4 cxd4 10. cxd4 Rc8 11. a3 Be7 12. Nc3 0-0 13. Bf4 Re8 14. Rac1 Qb6 15. Bb1 b4 16. Na2 a5 17. Rfe1 Ba6 18. Bd3 Bxd3 19. Qxd3 bxa3 20. bxa3 Qb2 21. Re2 Rxc1+ 22. Nxc1 Qb6 23. Rc2 d5 24. e5 Ne4 25. Nd2 Nxd2 26. Bxd2 f6 27. exf6 Nxf6 28. f3 Rb8 29. Kh1 Kf7 30. a4 Bb4 31. Bf4 Rb7 32. h3 Bd6 33. Ne2 Nh5 34. Bh2 Bxh2 35. Kxh2 Qd6+ 36. g3 g6 37. Qc3 Kg7 38. Qc8 Rf7 39. f4 g5 40. Rc6 Qd7 41. Qxd7 Rxd7 42. Rxe6 Rf7 43. Re5 gxf4 44. Rxh5 f3 45. Nf4 f2 46. Kg2 1-0

[Event "EU-ch Hybrid U16"]
[Site "Tornelo INT"]
[Date "2021.10.15"]
[Round "6"]
[White "Christodoulou, Panormitis"]
[Black "Kavkasidze, Ilia"]
[Result "1/2-1/2"]
[WhiteElo "1919"]
[BlackElo "1733"]
[PlyCount "53"]
[EventDate "2021.10.15"]
[EventType "swiss"]
[EventRounds "9"]
[EventCountry "NET"]
[SourceTitle "EXT 2023"]
[Source "ChessBase"]
[SourceDate "2022.10.05"]
[SourceVersion "1"]
[SourceVersionDate "2022.10.05"]
[SourceQuality "1"]
[WhiteTeam "Greece"]
[BlackTeam "Georgia"]
[WhiteTeamCountry "GRE"]
[BlackTeamCountry "GEO"]

1. e4 c5 2. Nf3 Nc6 3. Bb5 g6 4. 0-0 Bg7 5. Re1 Qb6 6. Bxc6 dxc6 7. Nc3 e5 8. b3 Qc7 9. a4 a5 10. d3 Ne7 11. Bg5 Be6 12. Qd2 h6 13. Be3 b6 14. Qe2 f5 15. exf5 gxf5 16. Bd2 Ng6 17. h4 h5 18. Ng5 Qd7 19. g3 0-0-0 20. Nxe6 Qxe6 21. d4 cxd4 22. Qa6+ Kc7 23. Qa7+ Kc8 24. Qa6+ Kc7 25. Qa7+ Kc8 26. Qa8+ Kc7 27. Qa7+ 1/2-1/2

[Event "GRE-ch U16"]
[Site "Patras"]
[Date "2021.07.08"]
[Round "7"]
[White "Fragkos, Vasileios"]
[Black "Christodoulou, Panormitis"]
[Result "1/2-1/2"]
[WhiteElo "1890"]
[BlackElo "1647"]
[PlyCount "132"]
[EventDate "2021.07.02"]
[EventType "swiss"]
[EventRounds "7"]
[EventCountry "GRE"]
[SourceTitle "EXT 2023"]
[Source "ChessBase"]
[SourceDate "2022.10.05"]
[SourceVersion "1"]
[SourceVersionDate "2022.10.05"]
[SourceQuality "1"]

1. e4 c5 2. Nf3 Nc6 3. d4 cxd4 4. Nxd4 Nf6 5. Nc3 d6 6. h3 g6 7. Be3 Bg7 8. Qd2 0-0 9. 0-0-0 Nxd4 10. Bxd4 Be6 11. Kb1 Qa5 12. Bxf6 Bxf6 13. Nd5 Qxd2 14. Nxf6+ Kg7 15. Nh5+ Kh6 16. Rxd2 Kxh5 17. Be2+ Kh6 18. f4 Rac8 19. Re1 Rc7 20. Bf3 Rfc8 21. c3 b5 22. g4 Bd7 23. Rd4 a5 24. a3 Bc6 25. g5+ Kg7 26. Bg4 Bd7 27. Bxd7 Rxd7 28. e5 d5 29. e6 Rd6 30. exf7 Kxf7 31. Kc2 e6 32. Kd3 Rdc6 33. a4 Rb8 34. axb5 Rxb5 35. Kc2 Rcb6 36. Rb1 Ke7 37. Ra4 Rb8 38. b3 Kd6 39. h4 h6 40. b4 axb4 41. Rbxb4 Rxb4 42. cxb4 hxg5 43. hxg5 Rf8 44. Ra6+ Kd7 45. Ra7+ Kd6 46. Rg7 Rxf4 47. Kb3 Rf3+ 48. Ka4 d4 49. Rxg6 d3 50. Rg8 Kd7 51. Kb3 d2+ 52. Kc2 Rd3 53. Kd1 Rb3 54. g6 Ke7 55. Rb8 Kf6 56. Kxd2 Kxg6 57. Kc2 Rh3 58. b5 Kf5 59. b6 Ke5 60. b7 Rh7 61. Kd3 Rc7 62. Ke3 Rd7 63. Kf3 Rf7+ 64. Ke3 Rd7 65. Kf3 Rf7+ 66. Ke3 Rd7 1/2-1/2

[Event "GRE-ch Online Blitz op 1st"]
[Site "Tornelo INT"]
[Date "2021.02.07"]
[Round "1"]
[White "Christodoulou, Panormitis"]
[Black "Stoimenidis, Markos"]
[Result "0-1"]
[WhiteElo "1610"]
[BlackElo "1074"]
[PlyCount "64"]
[EventDate "2021.02.07"]
[EventType "swiss (blitz)"]
[EventRounds "16"]
[EventCountry "GRE"]
[SourceTitle "EXT 2023"]
[Source "ChessBase"]
[SourceDate "2022.10.05"]
[SourceVersion "1"]
[SourceVersionDate "2022.10.05"]
[SourceQuality "1"]

1. e4 e5 2. Nf3 Nc6 3. Bb5 a6 4. Ba4 Nf6 5. d3 Bc5 6. 0-0 0-0 7. Nbd2 d6 8. c3 Bd7 9. Re1 b5 10. Bc2 a5 11. Nf1 b4 12. Be3 Bxe3 13. Nxe3 bxc3 14. bxc3 Rb8 15. Rb1 Be6 16. Bb3 Bxb3 17. Rxb3 Rxb3 18. Qxb3 Qb8 19. Rb1 Qxb3 20. Rxb3 Rb8 21. Rxb8+ Nxb8 22. Nc4 Nc6 23. a4 Kf8 24. Nfd2 Nd7 25. Nb3 Nc5 26. Nbxa5 Nxa5 27. Nxa5 Nxd3 28. Nb3 Ke7 29. Kf1 Kd7 30. a5 Kc6 31. Ke2 Nc5 32. a6 Nxb3 0-1

[Event "GRE-ch Online Blitz op 1st"]
[Site "Tornelo INT"]
[Date "2021.02.07"]
[Round "2"]
[White "Moutaftsis, Efstratios"]
[Black "Christodoulou, Panormitis"]
[Result "0-1"]
[WhiteElo "1060"]
[BlackElo "1610"]
[PlyCount "42"]
[EventDate "2021.02.07"]
[EventType "swiss (blitz)"]
[EventRounds "16"]
[EventCountry "GRE"]
[SourceTitle "EXT 2023"]
[Source "ChessBase"]
[SourceDate "2022.10.05"]
[SourceVersion "1"]
[SourceVersionDate "2022.10.05"]
[SourceQuality "1"]

1. e4 c5 2. Nf3 Nc6 3. Bb5 g6 4. Bxc6 dxc6 5. Nc3 Bg7 6. d3 Nf6 7. Bf4 0-0 8. h4 h5 9. Ng5 Bg4 10. f3 Bc8 11. g4 hxg4 12. fxg4 Bxg4 13. Qd2 Nh5 14. Rg1 f5 15. Ne6 Qd7 16. Nxf8 Rxf8 17. exf5 gxf5 18. Bh6 Qe6+ 19. Be3 f4 20. Rxg4 Qxg4 21. Bxc5 Bf6 0-1

[Event "GRE-ch Online Blitz op 1st"]
[Site "Tornelo INT"]
[Date "2021.02.07"]
[Round "4"]
[White "Tsakonas, Konstantinos"]
[Black "Christodoulou, Panormitis"]
[Result "0-1"]
[WhiteElo "1164"]
[BlackElo "1610"]
[PlyCount "101"]
[EventDate "2021.02.07"]
[EventType "swiss (blitz)"]
[EventRounds "16"]
[EventCountry "GRE"]
[SourceTitle "EXT 2023"]
[Source "ChessBase"]
[SourceDate "2022.10.05"]
[SourceVersion "1"]
[SourceVersionDate "2022.10.05"]
[SourceQuality "1"]

1. d4 Nf6 2. c4 e6 3. Nf3 Bb4+ 4. Nbd2 0-0 5. a3 Bxd2+ 6. Bxd2 b6 7. g3 Bb7 8. Bg2 d6 9. 0-0 Nbd7 10. Bc3 Ne4 11. Qc2 Nxc3 12. Qxc3 f5 13. Ng5 Bxg2 14. Nxe6 Qe7 15. Nxf8 Bxf1 16. Nxd7 Bxe2 17. Re1 Re8 18. Qd2 Qxd7 19. Rxe2 Re7 20. Kf1 Qe8 21. Rxe7 Qxe7 22. Qe2 Qxe2+ 23. Kxe2 Kf7 24. d5 Kf6 25. f4 h6 26. Ke3 g6 27. h4 Kf7 28. b4 Ke7 29. Kd4 a6 30. a4 Kd7 31. c5 b5 32. axb5 axb5 33. c6+ Ke7 34. Ke3 Kf6 35. Kf3 Kf7 36. g4 fxg4+ 37. Kxg4 Kf6 38. h5 gxh5+ 39. Kxh5 Kf5 40. Kxh6 Kxf4 41. Kg6 Ke5 42. Kf7 Kxd5 43. Kf6 Kxc6 44. Kf5 Kd7 45. Ke4 c6 46. Kd4 Ke7 47. Ke4 Ke6 48. Kd4 Kf5 49. Ke3 Ke5 50. Kd3 Kd5 51. Ke3 0-1

[Event "GRE-ch South U16"]
[Site "Athens"]
[Date "2020.08.31"]
[Round "5"]
[White "Minas, Panagiotis"]
[Black "Christodoulou, Panormitis"]
[Result "1-0"]
[WhiteElo "1688"]
[BlackElo "1698"]
[PlyCount "129"]
[EventDate "2020.08.28"]
[EventType "swiss"]
[EventRounds "9"]
[EventCountry "GRE"]
[SourceTitle "EXT 2023"]
[Source "ChessBase"]
[SourceDate "2022.10.05"]
[SourceVersion "1"]
[SourceVersionDate "2022.10.05"]
[SourceQuality "1"]

1. e4 c5 2. Nf3 Nc6 3. d4 cxd4 4. Nxd4 Nf6 5. Nc3 d6 6. Bg5 e6 7. Qd2 a6 8. 0-0-0 Bd7 9. f3 Be7 10. h4 Qc7 11. Kb1 0-0-0 12. Nxc6 Bxc6 13. Bc4 Rhe8 14. Rhe1 Qa5 15. Nd5 Qxd2 16. Nxe7+ Rxe7 17. Rxd2 Red7 18. Red1 h6 19. Bxf6 gxf6 20. b4 Kc7 21. Kb2 b5 22. Bb3 Kb6 23. c4 Kc7 24. Rc1 Kb7 25. cxb5 axb5 26. Rdc2 Rc7 27. a4 Rdc8 28. a5 Bd7 29. Rxc7+ Rxc7 30. Rxc7+ Kxc7 31. Kc3 Bc8 32. Kd4 Kd7 33. Bc2 Kc7 34. Bd3 e5+ 35. Kc3 Kc6 36. Bc2 Kd7 37. Bb3 Ke7 38. Bd5 Ba6 39. Kd2 Bc8 40. Ke3 Kf8 41. Bc6 Ba6 42. Kf2 Kg7 43. Bd7 Kh7 44. Kg3 Kg7 45. Kg4 Kf8 46. Kh5 Kg7 47. Be8 f5 48. exf5 d5 49. Bc6 d4 50. Be4 Bc8 51. Kg4 f6 52. f4 Kf7 53. Kf3 h5 54. fxe5 fxe5 55. g4 hxg4+ 56. Kxg4 Kf6 57. h5 Ba6 58. h6 Bc8 59. a6 d3 60. Bxd3 e4 61. Bxe4 Bxa6 62. h7 Kg7 63. f6+ Kh8 64. f7 Bc8+ 65. Kg5 1-0

[Event "GRE-ch U18 23rd"]
[Site "Rethymno"]
[Date "2020.01.07"]
[Round "8"]
[White "Christodoulou, Panormitis"]
[Black "Brokalakis Gounaris, Christos"]
[Result "1/2-1/2"]
[WhiteElo "1664"]
[BlackElo "2024"]
[PlyCount "282"]
[EventDate "2020.01.02"]
[EventType "swiss"]
[EventRounds "9"]
[EventCountry "GRE"]
[SourceTitle "EXT 2021"]
[Source "ChessBase"]
[SourceDate "2020.10.23"]
[SourceVersion "1"]
[SourceVersionDate "2020.10.23"]
[SourceQuality "1"]

1. e4 e5 2. Nf3 Nc6 3. Bb5 a6 4. Ba4 d6 5. c3 Bd7 6. 0-0 g6 7. d4 Bg7 8. Re1 Nge7 9. Be3 0-0 10. Nbd2 h6 11. dxe5 Nxe5 12. Nxe5 dxe5 13. Bxd7 Qxd7 14. Nb3 Qc6 15. Qc2 b6 16. Rad1 Kh7 17. Rd2 f5 18. f3 Nc8 19. exf5 Rxf5 20. Qe4 Rf6 21. Qxc6 Rxc6 22. Rd8 Rd6 23. Rd1 Rxd1+ 24. Rxd1 Kg8 25. Rd8+ Kh7 26. Nd2 b5 27. Rd7 Nb6 28. Bxb6 cxb6 29. Ne4 Rb8 30. Kf2 g5 31. h3 a5 32. Rd5 b4 33. cxb4 axb4 34. Rb5 Bf8 35. Rxe5 Ra8 36. a3 bxa3 37. bxa3 Rxa3 38. Rb5 Ra6 39. Nf6+ Kg7 40. Ne4 Be7 41. Kg3 Bd8 42. Kg4 Kg6 43. h4 h5+ 44. Kh3 gxh4 45. Rd5 Be7 46. Re5 Bd8 47. Rd5 Ra8 48. Rd6+ Kf7 49. Rh6 Ra5 50. Rd6 Ke8 51. Rh6 Re5 52. Nf6+ Kf7 53. Nxh5 b5 54. g3 b4 55. Nf4 Rb5 56. Rd6 Bf6 57. Rd1 hxg3 58. Kxg3 b3 59. Nd3 b2 60. Rb1 Rb3 61. Nxb2 Bxb2 62. Kg4 Rb6 63. f4 Rg6+ 64. Kf5 Rf6+ 65. Ke4 Ba3 66. Rb7+ Be7 67. Ra7 Rb6 68. Ra8 Ke6 69. Rh8 Rb4+ 70. Kf3 Bf6 71. Rh6 Rb5 72. Ke4 Kf7 73. Rh1 Be7 74. Rh7+ Kf8 75. Rh6 Ba3 76. Rc6 Bb4 77. Ra6 Ke7 78. Ra7+ Ke6 79. f5+ Kf6 80. Ra6+ Kf7 81. Ra7+ Be7 82. Ra6 Rb1 83. Ra7 Rd1 84. Ra6 Bd6 85. Ra7+ Kf6 86. Ra6 Kg5 87. Rc6 Re1+ 88. Kf3 Be5 89. Re6 Kxf5 90. Re8 Rh1 91. Rf8+ Bf6 92. Ke3 Rh3+ 93. Kd2 Ke5 94. Rf7 Bg5+ 95. Kc2 Ke4 96. Ra7 Bf6 97. Rf7 Bd4 98. Re7+ Kd5 99. Kd2 Be5 100. Rd7+ Ke4 101. Kc2 Rc3+ 102. Kd2 Rb3 103. Kc2 Rb2+ 104. Kc1 Rh2 105. Re7 Kd4 106. Rd7+ Kc3 107. Kd1 Bd4 108. Ke1 Kd3 109. Kf1 Rf2+ 110. Ke1 Ra2 111. Kf1 Ke4 112. Re7+ Be5 113. Ke1 Kd4 114. Re8 Bf6 115. Re6 Bh4+ 116. Kd1 Bg3 117. Re8 Bf2 118. Rd8+ Kc3 119. Rd7 Rb2 120. Rd6 Bc5 121. Rd5 Bd4 122. Rd8 Kd3 123. Rc8 Ra2 124. Rc7 Rh2 125. Re7 Ra2 126. Rc7 Rd2+ 127. Ke1 Rg2 128. Rf7 Rb2 129. Kf1 Be3 130. Rd7+ Ke4 131. Rd8 Kf3 132. Rf8+ Bf4 133. Re8 Rc2 134. Re7 Rc8 135. Re6 Rh8 136. Rg6 Rh1+ 137. Rg1 Rh2 138. Rg8 Rh6 139. Rg7 Re6 140. Rf7 Rd6 141. Re7 Rd1+ 1/2-1/2

[Event "GRE-ch U18 23rd"]
[Site "Rethymno"]
[Date "2020.01.03"]
[Round "2"]
[White "Kotsinis, Alexandros"]
[Black "Christodoulou, Panormitis"]
[Result "1-0"]
[WhiteElo "1996"]
[BlackElo "1664"]
[PlyCount "119"]
[EventDate "2020.01.02"]
[EventType "swiss"]
[EventRounds "9"]
[EventCountry "GRE"]
[SourceTitle "EXT 2021"]
[Source "ChessBase"]
[SourceDate "2020.10.23"]
[SourceVersion "1"]
[SourceVersionDate "2020.10.23"]
[SourceQuality "1"]

1. c4 e5 2. Nc3 Nc6 3. e3 Nf6 4. Nf3 Bb4 5. Qc2 0-0 6. Nd5 Re8 7. Qf5 d6 8. Nxf6+ Qxf6 9. Qxf6 gxf6 10. a3 Bc5 11. b4 Bb6 12. Bb2 a5 13. b5 Ne7 14. d4 c6 15. c5 dxc5 16. dxe5 fxe5 17. Nxe5 cxb5 18. Bxb5 Rd8 19. Nc4 Bc7 20. Bf6 Kf8 21. e4 Bd7 22. Rb1 Bxb5 23. Rxb5 b6 24. Nxb6 Rab8 25. Bxe7+ Kxe7 26. Nd5+ Kd6 27. Nxc7 Kxc7 28. Rxc5+ Kd6 29. Rd5+ Ke7 30. Rxd8 Kxd8 31. Kd2 Rb2+ 32. Kc3 Rxf2 33. Rd1+ Ke7 34. Rd2 Rf1 35. Kb3 Rf4 36. Rd5 Rf2 37. Rg5 Ke6 38. Ka4 Ra2 39. Rg3 Ke5 40. Kxa5 Rb2 41. a4 Kxe4 42. Ka6 h5 43. a5 f5 44. h4 f4 45. Rg5 Ke3 46. Ka7 Kf2 47. a6 Kg1 48. Rxh5 Kxg2 49. Rg5+ Kf2 50. h5 Rb1 51. h6 Rh1 52. Rg6 f3 53. Kb7 Ke2 54. Re6+ Kd2 55. Rf6 Ke2 56. a7 f2 57. a8Q Rb1+ 58. Kc7 Rc1+ 59. Kd7 Rd1+ 60. Ke7 1-0